000 00357nam a2200145Ia 4500
008 230917s9999||||xx |||||||||||||| ||und||
040 _e52034
_aMAIN
041 _aEnglish
082 _aB D594G
100 _aMukerjee, Hiren
245 0 _aGeorge Dimitron: titan of our time
260 _aNew Delhi
_bVision Books
_c1982
300 _a140 p.
942 _cBK
999 _c230414
_d230414